000 01028nam a2200289 i 4500
001 000046472
003 DO-SdBNP
005 20240305125629.0
007 ta
008 150819s2015 dr 000 p spa d
020 _a9789945492569
040 _aDO-SdBNP
_bspa
_cBNPHU
_erda
082 4 _aRD861.4408
_bM491a
_222
100 1 _aMedina, Rafael Hilario,
_d1959-
_eautor
_920618
245 1 3 _aEl arlequín y el minotauro :
_bantología poética 1989-2014 /
_cRafael Hilario Medina.
264 _aSanto Domingo :
_bMinisterio de Cultura,
_c2015.
300 _a167 páginas ;
_b24 cm.
336 _2rdacontent
_atexto
_btxt
337 _2rdamedia
_asin mediación
_bn
338 _2rdacarrier
_avolumen
_bnc
500 _aIncluye datos biográficos del autor en la solapa de la cubierta
590 _aInventariado, 2023/BT
650 4 _aPoesía dominicana
_y1989-2014
_vColecciones
_983838
650 4 _aLiteratura dominicana
_vColecciones
_y1989-2014
_983839
910 _aValidado. Control de calidad MFF
942 _2ddc
_cLBS1
999 _c45961
_d45961